| 000 | 00723nam a2200205Ii 4500 | ||
|---|---|---|---|
| 003 | JO-AjNU | ||
| 008 | 230605s9999||||xx |||||||||||||| ||und|| | ||
| 040 |
_aJO-AjNU _bara _erda _cJO-AjNU |
||
| 041 | _aara | ||
| 050 | 1 | 4 | _aPJ7530 2007 |
| 100 | 3 |
_aتأليف الربابعة، حسن محمد, _eauthor _923967 |
|
| 245 | 0 | 0 | _aالسيمياء عند الجاحظ |
| 250 | _aط1 | ||
| 264 | 3 | 1 | _aالكرك: مؤسسة رام للتكنولوجيا والكمبيوتر، 2007 |
| 300 | _a124ص | ||
| 336 |
_atext _btxt _2rdacontent |
||
| 337 |
_aunmediated _bn _2rdamedia |
||
| 338 |
_avolume _bnc _2rdacarrier |
||
| 650 | 4 |
_aالنقد الأدبي - الأدباء العرب - تحليل أدبي - تراجم _923968 |
|
| 999 |
_aA8753 _c12321 _d12321 |
||